000 00561nam a22001457a 4500
020 _a9789351115137
082 _a791.4
100 _aSonia Mahajan
245 _aRadio and television communication
260 _aNew Delhi
_bRandon publications
_c2015
300 _a283p
942 _cBK
999 _c2576
_d2576